MaF. Manažment, mzdy a financie časopis pre ekonómov, podnikateľov, podniky a organizácie
Gespeichert in:
| Format: | Schriftenreihe |
|---|---|
| Sprache: | Slowakisch |
| Veröffentlicht: |
Bratislava
Ing. Miroslav Mračko, EPOS
|
| Schlagworte: | |
| Tags: |
Keine Tags, Fügen Sie das erste Tag hinzu!
|
MARC
| LEADER | 00000nas1a22000001 4500 | ||
|---|---|---|---|
| 001 | s123738 | ||
| 005 | 20250624085012.2 | ||
| 022 | |a 1335-9568 | ||
| 041 | 0 | |a slo | |
| 044 | |a SK | ||
| 245 | 1 | 0 | |a MaF. Manažment, mzdy a financie |b časopis pre ekonómov, podnikateľov, podniky a organizácie |
| 264 | 1 | |a Bratislava |b Ing. Miroslav Mračko, EPOS | |
| 500 | |a Od 1.1.2009 je zlúčený s časopisom Obchodné právo. Od č. 9/2009 pokračuje pod názvom: MMPF. Manažment, mzdy, právo a financie | ||
| 610 | 2 | 0 | |a mzdy |
| 610 | 2 | 0 | |a právo |
| 610 | 2 | 0 | |a financie |